000 01210nam0a2200313 i 4500
001 RU\NLR\BIBL_A\010784972
005 20240921110351.0
010 _a9785906222275
_9500
021 _aRU
_b2015-35656
_92110
035 _a(NILC)RuMoRGB-007929059
035 _a(NLR Aleph) 010784972
090 _a10086217
_c10086217
100 _a20150618d2013 km y0rusy50 ca
101 0 _arus
102 _aRU
105 _ay|||z||||01yy
200 1 _aФранция в европейском интеграционном процессе: история и современность
_eмонография
_fД. А. Бида
210 _aМосква
_cКрасногорская типография
_d2013
215 _a216 с.
_d21
320 _aБиблиогр. в подстроч. примеч.
606 1 _aИнтеграция европейская
_xУчастие Франции
_92239516
_3RU\NLR\AUTH\6601575415
686 1 _aТ3(4Фр)63-6
700 1 _aБида
_bД. А.
_gДарья Александровна
801 0 _aRU
_bРГБ
_c20150512
_gRCR
801 1 _aRU
_bРГБ
_c20150512
_2rusmarc
942 _cBOOK
980 _aNBR